Normal view
MARC view
- Communications in organizations
Entry Topical Term
001 - CONTROL NUMBER
- control field: 9214
003 - CONTROL NUMBER IDENTIFIER
- control field: OSt
005 - DATE AND TIME OF LATEST TRANSACTION
- control field: 20200911112848.0
008 - FIXED-LENGTH DATA ELEMENTS
- fixed length control field: 200911|| aca||aabn | a|a d
040 ## - CATALOGING SOURCE
- Original cataloging agency: OSt
- Transcribing agency: OSt
150 ## - HEADING--TOPICAL TERM
- Topical term or geographic name entry element: Communications in organizations
670 ## - SOURCE DATA FOUND
- Source citation: Work cat.: (OSt)0: Muhaya Hj. Mohamad, Datuk, Prof., Dr., 1958- author. 9213, HUBUNGAN KETUA & PEKERJA :

PORTAL AKMAL
E-MEL JKDM
AKMAL2U
G-BAM
u-PUSTAKA